[Event "EU-chT (Women) 3rd"]
[Site "Batumi"]
[Date "1999.12.04"]
[Round "6.2"]
[White "Darchia, Diana"]
[Black "Borsuk, Angela"]
[Result "0-1"]
[WhiteElo "2383"]
[BlackElo "2288"]
[PlyCount "86"]
[EventDate "1999.11.06"]
[EventType "team-swiss"]
[EventRounds "9"]
[EventCountry "GEO"]
[SourceTitle "CBM 073 Extra"]
[Source "ChessBase"]
[SourceDate "2000.01.11"]
[SourceVersion "1"]
[SourceVersionDate "2000.01.11"]
[SourceQuality "1"]
[WhiteTeam "Georgia (W) II"]
[BlackTeam "Israel (W)"]
[WhiteTeamCountry "GEO"]
[BlackTeamCountry "ISR"]

1. e4 d6 2. d4 Nf6 3. Nc3 g6 4. g3 Bg7 5. Bg2 0-0 6. Nge2 c6 7. a4 e5 8. 0-0 exd4 9. Nxd4 Re8 10. Bf4 Nh5 11. Be3 Na6 12. Qd2 Nf6 13. Rad1 Nc5 14. f3 Qc7 15. Nde2 Bf8 16. Kh1 Be6 17. Qd4 Nh5 18. g4 Ng7 19. Bf4 Qb6 20. b4 Na6 21. b5 c5 22. Qd2 Nb4 23. Nb1 a6 24. c3 Na2 25. Bxd6 axb5 26. Bxf8 Rxf8 27. axb5 Qxb5 28. Nf4 Bc4 29. Rf2 Qa4 30. Nd5 Bxd5 31. exd5 b5 32. f4 b4 33. cxb4 cxb4 34. f5 Nc3 35. Rc1 Nxb1 36. Rxb1 b3 37. f6 Ne8 38. Rd1 Qxg4 39. h3 Qh4 40. Rf4 Qg5 41. Qd4 Ra2 42. Rg1 b2 43. h4 Qxg2+ 0-1

[Event "Pripis Memorial"]
[Site "Moscow"]
[Date "1999.??.??"]
[Round "9"]
[White "Chekhov, Valery A"]
[Black "Darchia, Diana"]
[Result "1-0"]
[WhiteElo "2511"]
[BlackElo "2445"]
[PlyCount "57"]
[EventDate "1999.??.??"]
[EventType "tourn"]
[EventRounds "12"]
[EventCountry "RUS"]
[EventCategory "7"]
[SourceTitle "EXT 2001"]
[Source "ChessBase"]
[SourceDate "2000.11.22"]
[SourceVersion "1"]
[SourceVersionDate "2000.11.22"]
[SourceQuality "1"]

1. Nf3 Nf6 2. c4 g6 3. Nc3 c5 4. e4 Nc6 5. d4 cxd4 6. Nxd4 Bg7 7. Be3 Ng4 8. Qxg4 Nxd4 9. Qd1 Ne6 10. Qd2 Qa5 11. Rc1 g5 12. h4 h6 13. Be2 Qe5 14. g3 b6 15. f4 gxf4 16. gxf4 Qb8 17. e5 Bb7 18. Rg1 Nxf4 19. Bxf4 Bxe5 20. Nd5 f6 21. Qe3 Qd6 22. Bxe5 fxe5 23. Bh5+ Kd8 24. Rg6 e6 25. Qxh6 Bxd5 26. Qxh8+ Kc7 27. cxd5+ Kb7 28. Qh6 Qb4+ 29. Kd1 1-0

[Event "Tbilisi zt (Women)"]
[Site "Tbilisi"]
[Date "1999.??.??"]
[Round "3"]
[White "Darchia, Diana"]
[Black "Gvetadze, Sofio"]
[Result "0-1"]
[WhiteElo "2445"]
[BlackElo "2174"]
[PlyCount "102"]
[EventDate "1999.05.07"]
[EventType "swiss"]
[EventRounds "9"]
[EventCountry "GEO"]
[SourceTitle "EXT 2001"]
[Source "ChessBase"]
[SourceDate "2000.11.22"]
[SourceVersion "1"]
[SourceVersionDate "2000.11.22"]
[SourceQuality "1"]

1. e4 c5 2. Nf3 e6 3. d4 cxd4 4. Nxd4 Nc6 5. Nxc6 bxc6 6. Bd3 d5 7. 0-0 Nf6 8. Nd2 Be7 9. b3 0-0 10. Bb2 a5 11. a4 Qc7 12. Qe2 Bb7 13. Rfe1 Rfd8 14. exd5 cxd5 15. Qe3 Ba6 16. Be5 Qb7 17. h3 Rac8 18. c4 Nd7 19. Bc3 Bb4 20. Bxb4 Qxb4 21. Rac1 Nc5 22. Bb1 dxc4 23. Ne4 Nxe4 24. Qxe4 g6 25. bxc4 Qxa4 26. c5 Qb5 27. Ba2 Bb7 28. Qe3 Bd5 29. Bb1 Bc4 30. Rc3 Rxc5 31. Ba2 Rdc8 32. Rec1 R5c6 33. Bxc4 Rxc4 34. Qd3 Rxc3 35. Qxb5 Rxc1+ 36. Kh2 R8c5 37. Qe8+ Kg7 38. g4 R1c2 39. Kg3 R2c3+ 40. f3 R3c4 41. Qd8 Rd5 42. Qe7 a4 43. h4 Rcc5 44. g5 Rf5 45. Qa7 Rc4 46. Qg1 Rcf4 47. Qa1+ e5 48. Qc1 Rxf3+ 49. Kg2 a3 50. h5 gxh5 51. Qa1 a2 0-1

[Event "Tbilisi zt (Women)"]
[Site "Tbilisi"]
[Date "1999.??.??"]
[Round "8"]
[White "Stiri, Alexandra"]
[Black "Darchia, Diana"]
[Result "0-1"]
[WhiteElo "2092"]
[BlackElo "2445"]
[PlyCount "88"]
[EventDate "1999.05.07"]
[EventType "swiss"]
[EventRounds "9"]
[EventCountry "GEO"]
[SourceTitle "EXT 2001"]
[Source "ChessBase"]
[SourceDate "2000.11.22"]
[SourceVersion "1"]
[SourceVersionDate "2000.11.22"]
[SourceQuality "1"]

1. e4 c5 2. Nf3 Nc6 3. d4 cxd4 4. Nxd4 Nf6 5. Nc3 d6 6. Bg5 e6 7. Qd3 a6 8. 0-0-0 Bd7 9. f4 Be7 10. Be2 Rc8 11. Qg3 h6 12. Bxf6 Bxf6 13. Nxc6 Rxc6 14. e5 dxe5 15. fxe5 Bg5+ 16. Kb1 0-0 17. Ne4 Bh4 18. Rxd7 Qxd7 19. Qxh4 Qd5 20. Qf4 Rd8 21. Rf1 Rd7 22. h4 Rb6 23. g4 a5 24. g5 Rb4 25. Bd3 hxg5 26. hxg5 Qd4 27. b3 a4 28. Re1 axb3 29. axb3 b5 30. Qc1 Ra7 31. Qb2 Rxb3 32. cxb3 Qxd3+ 33. Qc2 Ra1+ 34. Kb2 Ra2+ 35. Kxa2 Qxc2+ 36. Ka3 Kh7 37. Kb4 Qc6 38. Nd6 Qd5 39. Re2 Qd4+ 40. Ka5 Qa1+ 41. Kb4 Qd4+ 42. Ka5 Qd3 43. Rh2+ Kg6 44. Kb4 Qd4+ 0-1

[Event "Tbilisi zt (Women)"]
[Site "Tbilisi"]
[Date "1999.??.??"]
[Round "6"]
[White "Tsurtsumia, Natia"]
[Black "Darchia, Diana"]
[Result "1/2-1/2"]
[WhiteElo "2122"]
[BlackElo "2445"]
[PlyCount "175"]
[EventDate "1999.05.07"]
[EventType "swiss"]
[EventRounds "9"]
[EventCountry "GEO"]
[SourceTitle "EXT 2001"]
[Source "ChessBase"]
[SourceDate "2000.11.22"]
[SourceVersion "1"]
[SourceVersionDate "2000.11.22"]
[SourceQuality "1"]

1. e4 c5 2. Nf3 Nc6 3. d4 cxd4 4. Nxd4 Nf6 5. Nc3 d6 6. Bc4 Qb6 7. Nb3 e6 8. Bf4 Ne5 9. Be2 Bd7 10. Bg3 Rc8 11. Qd4 Qxd4 12. Nxd4 h5 13. h4 Be7 14. 0-0-0 0-0 15. Nf3 Neg4 16. Bxd6 Bxd6 17. Rxd6 Bc6 18. Rf1 Bxe4 19. Nxe4 Nxe4 20. Rd7 Nc5 21. Rdd1 Rc7 22. Nd4 a6 23. Kb1 Rfc8 24. c3 Nd7 25. Nc2 Ndf6 26. f3 Ne5 27. Ne3 Ng6 28. g3 Ne7 29. Rd3 Nfd5 30. Nxd5 Nxd5 31. Rfd1 g6 32. Rg1 Kg7 33. Bd1 b5 34. Bb3 Nf6 35. Rd6 a5 36. a4 Rb8 37. axb5 Rxb5 38. Ba4 Rb8 39. Kc2 Nd5 40. Re1 Nb6 41. Rd4 Rc5 42. f4 Nd5 43. Re2 Rc7 44. Kd3 Ne7 45. Rg2 Nf5 46. Re4 Rc5 47. c4 Nd6 48. Rd4 Rxc4 49. Rxc4 Nxc4 50. Kxc4 Rb4+ 51. Kc3 Rxa4 52. Re2 Kf6 53. Re5 Ra1 54. Kb3 a4+ 55. Kb4 Ra2 56. Kc3 a3 57. b4 Rg2 58. b5 Rxg3+ 59. Kb4 a2 60. Re1 Rg2 61. Kc3 Rg3+ 62. Kb4 Rd3 63. Ra1 Rd2 64. Kc3 Rd6 65. Kc4 Kf5 66. Rxa2 Rd7 67. Kc5 Kxf4 68. Kc6 Re7 69. b6 e5 70. b7 Rxb7 71. Kxb7 Kf3 72. Ra3+ Kf2 73. Ra2+ Kg3 74. Kc6 f5 75. Kd5 e4 76. Kd4 Kxh4 77. Rg2 g5 78. Ke3 g4 79. Kf4 Kh3 80. Ra2 g3 81. Ra3 h4 82. Kxf5 Kh2 83. Kg4 g2 84. Kxh4 g1Q 85. Rh3+ Kg2 86. Rg3+ Kf2 87. Rxg1 Kxg1 88. Kg3 1/2-1/2

[Event "Pripis Memorial"]
[Site "Moscow"]
[Date "1999.??.??"]
[Round "4"]
[White "Vorobiov, Evgeny E"]
[Black "Darchia, Diana"]
[Result "1-0"]
[WhiteElo "2477"]
[BlackElo "2445"]
[PlyCount "75"]
[EventDate "1999.??.??"]
[EventType "tourn"]
[EventRounds "12"]
[EventCountry "RUS"]
[EventCategory "7"]
[SourceTitle "EXT 2001"]
[Source "ChessBase"]
[SourceDate "2000.11.22"]
[SourceVersion "1"]
[SourceVersionDate "2000.11.22"]
[SourceQuality "1"]

1. e4 c5 2. Nf3 Nc6 3. d4 cxd4 4. Nxd4 Nf6 5. Nc3 d6 6. Bc4 Qb6 7. Nxc6 bxc6 8. 0-0 g6 9. Be3 Qc7 10. f4 Bg7 11. Bd4 Nh5 12. e5 0-0 13. g4 dxe5 14. fxe5 Bxe5 15. gxh5 Bxh2+ 16. Kh1 c5 17. hxg6 hxg6 18. Be3 e6 19. Qg4 Bb7+ 20. Rf3 Kg7 21. Kg2 Rh8 22. Kf2 f5 23. Qg5 Bxf3 24. Kxf3 Rh3+ 25. Kf2 Rah8 26. Ne2 Qb7 27. Bxc5 Qf3+ 28. Ke1 Bg3+ 29. Kd2 Bh4 30. Bd4+ Kh7 31. Qg1 Rd8 32. Rf1 Qb7 33. Kc1 e5 34. Bxe5 Qe4 35. Qxa7+ Kh6 36. Qg7+ Kg5 37. Bf4+ Kh5 38. Qh7+ 1-0

[Event "Groningen Festival (Women)"]
[Site "Groningen"]
[Date "1998.12.28"]
[Round "8"]
[White "Darchia, Diana"]
[Black "Stefanova, Antoaneta"]
[Result "0-1"]
[WhiteElo "2445"]
[BlackElo "2475"]
[PlyCount "86"]
[EventDate "1998.12.20"]
[EventType "tourn"]
[EventRounds "10"]
[EventCountry "NED"]
[EventCategory "9"]
[SourceTitle "CBM 069"]
[Source "ChessBase"]
[SourceDate "1999.04.01"]
[SourceVersion "1"]
[SourceVersionDate "1999.04.01"]
[SourceQuality "1"]

1. e4 d5 2. exd5 Qxd5 3. Nc3 Qa5 4. d4 c6 5. Nf3 Bf5 6. Bc4 e6 7. 0-0 Nf6 8. h3 Nbd7 9. Qe2 Be7 10. Bb3 h6 11. Bd2 Qc7 12. Rfe1 0-0 13. a4 a5 14. Ne5 Nxe5 15. Bf4 Nfd7 16. Bxe5 Nxe5 17. dxe5 Bc5 18. Qc4 Qb6 19. Qf4 Rad8 20. Re2 Rd4 21. Qf3 Rfd8 22. Rf1 g5 23. g4 Rf4 24. Qg3 Bg6 25. Kg2 Rdd4 26. f3 Qd8 27. Qe1 h5 28. Kg3 h4+ 29. Kg2 Qd7 30. Nd1 Rb4 31. Nf2 b5 32. axb5 cxb5 33. Qc3 Bd4 34. Qd2 Qe7 35. Ne4 Bxe4 36. Rxe4 Rxe4 37. fxe4 Bxe5 38. Qe3 a4 39. Qb6 axb3 40. Ra1 Kg7 41. Ra7 Qd6 42. Qf2 Bf4 43. c3 Rxe4 0-1

[Event "Groningen Festival (Women)"]
[Site "Groningen"]
[Date "1998.12.24"]
[Round "5"]
[White "Darchia, Diana"]
[Black "Socko, Monika"]
[Result "1/2-1/2"]
[WhiteElo "2445"]
[BlackElo "2470"]
[PlyCount "39"]
[EventDate "1998.12.20"]
[EventType "tourn"]
[EventRounds "10"]
[EventCountry "NED"]
[EventCategory "9"]
[SourceTitle "CBM 069"]
[Source "ChessBase"]
[SourceDate "1999.04.01"]
[SourceVersion "1"]
[SourceVersionDate "1999.04.01"]
[SourceQuality "1"]

1. Nf3 Nf6 2. b3 g6 3. Bb2 Bg7 4. e3 0-0 5. Be2 d6 6. d4 e5 7. dxe5 Nfd7 8. 0-0 Nc6 9. Qc1 Ndxe5 10. Nxe5 Nxe5 11. c4 Bg4 12. f3 Bf5 13. e4 Bd7 14. f4 Nc6 15. Bxg7 Kxg7 16. Qc3+ Qf6 17. Rd1 Qxc3 18. Nxc3 Be6 19. Bf3 f6 20. Nb5 1/2-1/2

[Event "RUS-Cup02"]
[Site "Moscow"]
[Date "1998.??.??"]
[Round "4"]
[White "Darchia, Diana"]
[Black "Korniushin, Nikolay"]
[Result "0-1"]
[WhiteElo "2175"]
[BlackElo "2295"]
[PlyCount "41"]
[EventDate "1998.01.21"]
[EventType "swiss"]
[EventRounds "9"]
[EventCountry "RUS"]
[SourceTitle "EXT 1999"]
[Source "ChessBase"]
[SourceDate "1998.11.16"]
[SourceVersion "1"]
[SourceVersionDate "1998.11.16"]
[SourceQuality "1"]

1. e4 e6 2. d4 d5 3. e5 c5 4. Nf3 Qb6 5. Bd3 Bd7 6. 0-0 cxd4 7. Nbd2 Nc6 8. a3 a5 9. a4 f6 10. Re1 fxe5 11. Nxe5 Nxe5 12. Rxe5 Nf6 13. Nf3 Bd6 14. Re1 0-0 15. Nxd4 e5 16. Nb5 Ng4 17. Be3 Bc5 18. Bc4 Bxe3 19. Qxd5+ Kh8 20. fxe3 Nxe3 21. Qxd7 0-1

[Event "Wch U20 Girls"]
[Site "Zagan"]
[Date "1997.07.23"]
[Round "9"]
[White "Gorshkova, Irina"]
[Black "Darchia, Diana"]
[Result "1/2-1/2"]
[WhiteElo "2120"]
[BlackElo "2120"]
[PlyCount "137"]
[EventDate "1997.07.14"]
[EventType "swiss"]
[EventRounds "13"]
[EventCountry "POL"]
[SourceTitle "CBM 059 Extra"]
[Source "ChessBase"]
[SourceDate "1997.09.26"]
[SourceVersion "1"]
[SourceVersionDate "1997.09.26"]
[SourceQuality "1"]

1. e4 c5 2. c3 d5 3. exd5 Qxd5 4. d4 Nc6 5. Nf3 Bg4 6. Be2 0-0-0 7. Be3 e5 8. dxc5 Qxd1+ 9. Bxd1 f5 10. b4 f4 11. Bd2 e4 12. Ng5 Bxd1 13. Nf7 Bh5 14. Nxd8 Nxd8 15. Bxf4 Nf6 16. 0-0 Ne6 17. Be5 Be7 18. Nd2 Rd8 19. Bxf6 gxf6 20. Nxe4 Nf4 21. Rfe1 Rd7 22. f3 Bf7 23. a3 Bb3 24. Nf2 Kd8 25. Re4 Nd3 26. Nxd3 Rxd3 27. Rd4+ Rxd4 28. cxd4 Kd7 29. Kf2 f5 30. Rb1 Bc4 31. Ke3 Kc6 32. Rd1 Bg5+ 33. f4 Bf6 34. Rd2 Kd5 35. h3 h5 36. g3 Bb5 37. Rd1 a6 38. Rd2 Bc6 39. Rd1 Kc4 40. Rc1+ Kb3 41. Rd1 Bd5 42. Rd3+ Ka4 43. Rc3 Kb5 44. Rd3 Kc4 45. Rd1 Bg2 46. Rd2 Bc6 47. Rd1 h4 48. gxh4 Bxh4 49. d5 Bd7 50. d6 a5 51. Rg1 axb4 52. axb4 Kxb4 53. Rg7 Bc6 54. Rh7 Bd8 55. Rh8 Ba5 56. Kd4 Kb3 57. Rf8 Bc3+ 58. Ke3 Kc4 59. Rf7 Bd4+ 60. Ke2 Bxc5 61. d7 Bb6 62. h4 Kd5 63. Rxf5+ Ke6 64. Rg5 Kxd7 65. h5 Be4 66. f5 Bd8 67. Rg7+ Kd6 68. h6 Bxf5 69. h7 1/2-1/2

[Event "Leon University tt (Women)"]
[Site "Leon"]
[Date "1996.??.??"]
[Round "3"]
[White "Darchia, Diana"]
[Black "Stankovic, Marija"]
[Result "1-0"]
[WhiteElo "2105"]
[BlackElo "2145"]
[PlyCount "87"]
[EventDate "1996.??.??"]
[EventType "k.o."]
[EventRounds "9"]
[EventCountry "ESP"]
[SourceTitle "EXT 1998"]
[Source "ChessBase"]
[SourceDate "1997.11.17"]
[SourceVersion "1"]
[SourceVersionDate "1997.11.17"]
[SourceQuality "1"]

1. e4 c5 2. Nf3 Nc6 3. Bb5 g6 4. 0-0 Bg7 5. Re1 e5 6. b4 cxb4 7. a3 Nge7 8. axb4 Nxb4 9. Ba3 Nbc6 10. Bd6 0-0 11. Nc3 Re8 12. Bxc6 dxc6 13. Bxe5 b5 14. Bxg7 Kxg7 15. d4 Bg4 16. d5 Bxf3 17. Qxf3 b4 18. Na2 cxd5 19. Nxb4 dxe4 20. Rxe4 Nf5 21. Rxe8 Qxe8 22. Qc3+ f6 23. Re1 Qd7 24. h3 a5 25. Nd3 a4 26. Nc5 Qd6 27. Ne6+ Kf7 28. Qc4 Ra7 29. Nc7+ Kf8 30. Re8+ Kg7 31. Rg8+ Kh6 32. Nb5 Qd1+ 33. Kh2 Rg7 34. Rxg7 Kxg7 35. Qxa4 Qe2 36. Qa7+ Kh6 37. Qc5 Qe4 38. Nc7 Nd4 39. Qf8+ Kg5 40. Qd6 Qxc2 41. f4+ Kh5 42. Qxd4 Qxc7 43. Qxf6 Kh6 44. Qf8+ 1-0

[Event "EU-ch U18 Girls"]
[Site "Chania"]
[Date "1994.??.??"]
[Round "8"]
[White "Darchia, Diana"]
[Black "Blazkova, Petra"]
[Result "0-1"]
[WhiteElo "2080"]
[BlackElo "2180"]
[PlyCount "38"]
[EventDate "1994.??.??"]
[EventType "swiss"]
[EventRounds "9"]
[EventCountry "GRE"]
[SourceTitle "EXT 1997"]
[Source "ChessBase"]
[SourceDate "1996.11.15"]
[SourceVersion "1"]
[SourceVersionDate "1996.11.15"]
[SourceQuality "1"]

1. Nf3 Nf6 2. c4 g6 3. Nc3 d5 4. cxd5 Nxd5 5. Qa4+ Nc6 6. Ne5 Ndb4 7. a3 Bg7 8. Nxf7 Nd3+ 9. exd3 Kxf7 10. Ne4 h6 11. h4 Nd4 12. f4 Bg4 13. Kf2 b5 14. Qa6 Bc8 15. Qa5 Nb3 16. Qxb5 Nxa1 17. h5 Qd4+ 18. Kf3 g5 19. fxg5 Rf8 0-1

[Event "Mlada Boleslav op"]
[Site "Mlada Boleslav"]
[Date "1994.??.??"]
[Round "7"]
[White "Slezka, Vojtech"]
[Black "Darchia, Diana"]
[Result "1-0"]
[WhiteElo "2375"]
[BlackElo "2080"]
[PlyCount "55"]
[EventDate "1994.??.??"]
[EventType "swiss"]
[EventRounds "9"]
[EventCountry "CZE"]
[SourceTitle "EXT 1997"]
[Source "ChessBase"]
[SourceDate "1996.11.15"]
[SourceVersion "1"]
[SourceVersionDate "1996.11.15"]
[SourceQuality "1"]

1. d4 Nf6 2. c4 c5 3. dxc5 Na6 4. Nf3 Nxc5 5. g3 g6 6. Bg2 Bg7 7. 0-0 0-0 8. Nc3 d6 9. Nd4 Ne6 10. Nc2 Qc7 11. Ne3 Rb8 12. Rb1 b6 13. b3 Bb7 14. Ncd5 Nxd5 15. cxd5 Nc5 16. Bb2 Bxb2 17. Rxb2 e5 18. dxe6 fxe6 19. b4 Bxg2 20. Kxg2 Ne4 21. Rc2 Qb7 22. f3 Rbd8 23. Qc1 Nf6 24. Rc7 Qa6 25. Qb2 e5 26. Qb3+ Kh8 27. b5 Qa5 28. Nc4 1-0

[Event "Bratislava op"]
[Site "Bratislava"]
[Date "1993.??.??"]
[Round "4"]
[White "Barros, Raul"]
[Black "Darchia, Diana"]
[Result "1/2-1/2"]
[WhiteElo "2280"]
[BlackElo "2040"]
[PlyCount "141"]
[EventDate "1993.??.??"]
[EventType "swiss"]
[EventRounds "9"]
[EventCountry "SVK"]
[SourceTitle "EXT 1997"]
[Source "ChessBase"]
[SourceDate "1996.11.15"]
[SourceVersion "1"]
[SourceVersionDate "1996.11.15"]
[SourceQuality "1"]

1. d4 Nf6 2. c4 c5 3. d5 b5 4. cxb5 a6 5. bxa6 Bxa6 6. g3 d6 7. Bg2 g6 8. Nc3 Bg7 9. Nf3 0-0 10. 0-0 Nbd7 11. Qc2 Qa5 12. Bd2 Rfb8 13. Rab1 Qc7 14. Rfe1 Bc4 15. b3 Bxd5 16. Nxd5 Nxd5 17. Ng5 e6 18. Rec1 Ra3 19. b4 Rba8 20. bxc5 Nxc5 21. e4 Nc3 22. Bxc3 Rxc3 23. Qd2 Rxc1+ 24. Rxc1 Rb8 25. Rd1 h6 26. Nh3 Rb6 27. Nf4 Qa7 28. Qe2 Rb2 29. Rd2 Qxa2 30. Rxb2 Bxb2 31. Bf1 Qb1 32. Nd3 Bd4 33. Nxc5 dxc5 34. Kg2 Kg7 35. h3 h5 36. Qf3 Qe1 37. Qe2 Qc1 38. Qc4 Qg5 39. Qd3 h4 40. f4 Qd8 41. gxh4 Qxh4 42. Qg3 Qd8 43. f5 exf5 44. exf5 Qd5+ 45. Qf3 Qxf5 46. Qxf5 gxf5 47. Kf3 Kf6 48. Bc4 Kg6 49. Kf4 f6 50. Bd3 Be5+ 51. Kf3 Kg5 52. h4+ Kxh4 53. Bxf5 c4 54. Bc2 c3 55. Ke4 Kg4 56. Bd1+ Kg3 57. Bc2 Kf2 58. Kd5 Ke3 59. Kc4 Kf4 60. Kd5 Bc7 61. Kc4 Ba5 62. Kd5 Kg5 63. Ke6 Bb6 64. Bb3 Bf2 65. Bc2 Bh4 66. Bb1 Kg4 67. Bc2 Kf3 68. Kd5 Ke3 69. Kc4 Be1 70. Bb1 Ke2 71. Bc2 1/2-1/2

[Event "Bratislava op"]
[Site "Bratislava"]
[Date "1993.??.??"]
[Round "3"]
[White "Darchia, Diana"]
[Black "Agababean, Naira"]
[Result "1-0"]
[WhiteElo "2040"]
[BlackElo "2195"]
[PlyCount "45"]
[EventDate "1993.??.??"]
[EventType "swiss"]
[EventRounds "9"]
[EventCountry "SVK"]
[SourceTitle "EXT 1997"]
[Source "ChessBase"]
[SourceDate "1996.11.15"]
[SourceVersion "1"]
[SourceVersionDate "1996.11.15"]
[SourceQuality "1"]

1. e4 d6 2. d4 Nf6 3. Nc3 c6 4. h3 b5 5. a3 a6 6. Be3 Qc7 7. g3 e5 8. Bg2 Be7 9. Nge2 Nbd7 10. 0-0 0-0 11. f4 Bb7 12. g4 Nb6 13. b3 Nfd7 14. Ng3 exd4 15. Bxd4 c5 16. Bxg7 Rfe8 17. Nf5 Rad8 18. g5 Bf8 19. Bxf8 Nxf8 20. Qh5 Bc8 21. Nh6+ Kg7 22. f5 Rd7 23. Ng4 1-0